00553 a2200181 450000500170000001000150001702000260003203500140005803700130007208200100008510000200009524500640011525000190017926000480019827000700024630000270031670000280034320230714153955.0 aENG-137402 a9789393196064c730.00 aEN-120934 bDBAD/Pub14a536.2 aSreekanth, D.V.1 aHeat TransfercD. V. Sreekanth [and] Y. Chandrasekhar Yadav aFirst edition. aHyderabadbSpectrum Publishing House,c2023 a326/C, level-6, near B K Guda Park, S R NagarbHyderabade500 038 axiv, 314p.;c25cm(pbk) aYadav, Y. Chandrasekhar